Riconosci il Pokémon - Quiz n°400 - Statistics

Statistiche generali
  • Questo quiz è stato fatto 6 volte
  • Il punteggio medio è 9 su 10
Statistiche sulle risposte
Indizio Risposta % Corretto
Altezza 1,4 m; 1,7 m (Alola)
100%
Sesso 50% ♂, 50% ♀
100%
Generazione Prima
100%
Tipo Roccia / Terra; Roccia / Elettro (Alola)
100%
Stadio evoluzione Seconda evoluzione
100%
Abilità Testadura; Sabbiavelo; Vigore (Normale; Alola); Magnetismo (Alola); Pellelettro (Alola)
100%
Peso 300,0 kg; 316,0 kg (Alola)
80%
Tasso di cattura 45 (11.9%)
80%
Pokémon Golem
80%
Tasso di allevamento Medio-Lento
80%
Nessun quiz corrispondente trovato
Distribuzione punteggi
Percentuale di utenti per punteggio
Percentile per numero di risposta
I tuoi punteggi nel tempo
Non hai fatto questo quiz